Storie scellerate /
Saved in:
| Andre forfattere: | , , , , , , , |
|---|---|
| Format: | |
| Sprog: | italiensk |
| Udgivet: |
[Italia] :
De Laurentiis Ricordi Video,
©1988
|
| Tags: |
Ingen Tags, Vær først til at tagge denne postø!
|
MARC
| LEADER | 00000ngm a22000007i 4500 | ||
|---|---|---|---|
| 001 | IT\ICCU\UBO\1714500 | ||
| 003 | ItRI | ||
| 005 | 20260124182827.0 | ||
| 008 | 020624s1988 it |||||||||||||||k|||||c | ||
| 028 | 4 | 2 | |a GRIC147 |
| 040 | |b ita | ||
| 041 | 7 | |a ita |2 ISO-639-2 | |
| 130 | 0 | |a Storie scellerate <film ; 1973> |3 IT\ICCU\MOD\0957321 | |
| 245 | 0 | 0 | |a Storie scellerate / |c regia di Sergio Citti ; fotografia Tonino Delli Colli ; un film scritto da Pier Paolo Pasolini ; musiche di Francesco De Masi ; prodotto da Alberto Grimaldi. |
| 260 | |a [Italia] : |b De Laurentiis Ricordi Video, |c ©1988 | ||
| 300 | |a 1 videocassetta (VHS) (ca. 93 min.) : |b color., son | ||
| 500 | |a Tit. del contenitore | ||
| 500 | |a Interpreti: Ninetto Davoli, Franco Citti, Nicoletta Machiavelli | ||
| 500 | |a Produzione: Italia, Francia, 1973. | ||
| 700 | 1 | |a Citti, Franco |0 IT\ICCU\BVEV\012244 | |
| 700 | 1 | |a Pasolini, Pier Paolo |0 IT\ICCU\CFIV\001068 | |
| 700 | 1 | |a Davoli, Ninetto |0 IT\ICCU\RAVV\088418 | |
| 700 | 1 | |a Machiavelli, Nicoletta |0 IT\ICCU\RAVV\099722 | |
| 700 | 1 | |a Delli Colli, Tonino |0 IT\ICCU\RAVV\280805 | |
| 700 | 1 | |a Grimaldi, Alberto |0 IT\ICCU\RMLV\044963 | |
| 700 | 1 | |a Citti, Sergio |0 IT\ICCU\SBLV\190940 | |
| 700 | 1 | |a De Masi, Francesco |c (compositore, |d 1930-2005) |0 IT\ICCU\UBOV\644820 | |
| 790 | 1 | |a Citti, Francesco, |d (1935- ) |3 IT\ICCU\SBNV\002851 |z Citti, Franco | |
| 790 | 1 | |a Rangoni Machiavelli, Nicoletta |3 IT\ICCU\SBNV\026573 |z Machiavelli, Nicoletta | |
| 790 | 1 | |a De Masi, Francesco |c (compositore, |d sec. 20.) |3 IT\ICCU\BCTV\001464 |z De Masi, Francesco (compositore ; 1930-2005) | |
| 942 | |2 ddc |c VM |n 0 | ||
| 952 | |0 0 |1 0 |4 0 |6 VO_16_000000000000000 |7 0 |9 26905 |a BO |b BO |d 2026-01-24 |i 6140 |l 0 |o VO 16 |p BO6140 |r 2026-01-24 18:28:27 |w 2026-01-24 |x [Sebina 5] [1 videocassetta] |y VM |z 1 videocassetta | ||
| 999 | |c 22758 |d 22758 | ||